| Tag |
First Indicator |
Second Indicator |
Subfields |
| LEADER |
00000cam a2200000 a 4500 |
| 001 |
in00000537726 |
| 005 |
20151013171631.0 |
| 008 |
740312r19731786enkaf 00010 engm |
| 010 |
|
|
|a 74157180
|
| 015 |
|
|
|a GB73-30465
|
| 020 |
|
|
|a 0855161799
|
| 035 |
|
|
|a (OCoLC)00859194
|
| 035 |
|
|
|9 ACH2246AM
|
| 040 |
|
|
|a DLC
|c DLC
|d m.c.
|d TXA
|d UtOrBLW
|
| 043 |
|
|
|a e-uk-en
|
| 049 |
|
|
|a TXAM
|c [491198]
|
| 050 |
0 |
0 |
|a DA670.C9
|b G4 1973
|
| 082 |
0 |
|
|a 914.2/04/73
|
| 100 |
1 |
|
|a Gilpin, William,
|d 1724-1804.
|
| 240 |
1 |
0 |
|a Observations, relative chiefly to picturesque beauty, made in the year 1772 on several parts of England
|
| 245 |
1 |
0 |
|a Observations on the mountains and lakes of Cumberland and Westmorland /
|c by William Gilpin ; new introduction by Sutherland Lyall.
|
| 264 |
|
1 |
|a Richmond, Surrey :
|b Richmond Publishing Co.,
|c 1973.
|
| 300 |
|
|
|a 568 pages in various pagings, 30 unnumbered leaves of plates :
|b illustrations ;
|c 23cm.
|
| 336 |
|
|
|a text
|b txt
|2 rdacontent
|
| 337 |
|
|
|a unmediated
|b n
|2 rdamedia
|
| 338 |
|
|
|a volume
|b nc
|2 rdacarrier
|
| 500 |
|
|
|a Reprint of the 1st edition, originally published in 2 v. London, R. Blamire, 1786 under title: Observations, relative chiefly to picturesque beauty, made in the year 1772, on several parts of England.
|
| 650 |
|
0 |
|a Picturesque, The.
|
| 651 |
|
0 |
|a Cumberland (England)
|x Description and travel.
|
| 651 |
|
0 |
|a Westmorland (England)
|x Description and travel.
|
| 999 |
|
|
|a MARS
|
| 999 |
f |
f |
|s 661ac523-fb5c-3c07-8a85-7f0f41610b94
|i aecc5b38-0d4e-3b02-a933-f9a97fc9f7bf
|t 0
|
| 952 |
f |
f |
|p ric
|a Texas A&M University
|b Rellis Campus
|c Joint Library Facility
|d Remote Storage
|t 0
|e DA670.C9 G4 1973
|h Library of Congress classification
|i unmediated -- volume
|m A14808785677
|
| 998 |
f |
f |
|a DA670.C9 G4 1973
|t 0
|l Remote Storage
|